[Event "Howell (US Am N/5/1)"]
[Site "?"]
[Date "1996.??.??"]
[Round "?"]
[White "Calton, Bill"]
[Black "Yahkind, Alex"]
[Result "1-0"]
[WhiteElo "2160"]
[BlackElo "2055"]
[PlyCount "111"]
[EventDate "1996.??.??"]

{5/(1)} 1. b3 e5 2. Bb2 d6 3. g3 f5 4. Bg2 Nf6 5. e3 c6 6. c4 Be7 7. Ne2 O-O 8.
O-O Be6 9. Nbc3 d5 10. f4 e4 11. Nd4 Qd7 12. cxd5 cxd5 13. Ncb5 Na6 14. Bh3 g6
15. Rf2 Nc5 16. Bf1 a6 17. b4 Nd3 18. Bxd3 exd3 19. Nxe6 Qxe6 20. Nc7 Qe4 21.
Nxa8 Rxa8 22. Bd4 Rc8 23. Rb1 Rc2 24. Qf1 Rxa2 25. Rb3 Ng4 26. Rg2 Rc2 27. h3
Nh6 28. b5 a5 29. Qxd3 a4 30. Qxe4 fxe4 31. Rc3 Rxc3 32. dxc3 Nf5 33. g4 Nd6
34. Bc5 Kf7 35. Ra2 Nxb5 36. Bxe7 Kxe7 37. Rxa4 Kd6 38. c4 dxc4 39. Rxc4 Kd5
40. Rb4 Nd6 41. Kf2 Kc5 42. Rd4 b5 43. Ke1 h5 44. gxh5 gxh5 45. Kd1 h4 46. Kc2
Kc6 47. Kb3 Kc5 48. Kc3 Nc4 49. Rxe4 b4+ 50. Kc2 Nd6 51. Re5+ Kc4 52. f5 b3+
53. Kb1 Kc3 54. f6 Kb4 55. Rd5 Nc4 56. Rd4 1-0

[Event "Detroit (MI Team/2/1/1)"]
[Site "?"]
[Date "1996.??.??"]
[Round "?"]
[White "Calton, Bill"]
[Black "Vukadinov, M."]
[Result "1/2-1/2"]
[WhiteElo "2160"]
[BlackElo "2445"]
[PlyCount "33"]
[EventDate "1996.??.??"]

{2/1} 1. b3 Nf6 2. Bb2 e6 3. e3 Be7 4. f4 b6 5. Nf3 Bb7 6. Be2 d6 7. O-O O-O 8.
Qe1 Nbd7 9. Qg3 g6 10. Nc3 Re8 11. Rae1 Bf8 12. d3 Bg7 13. Qh4 Nd5 14. Nxd5
Qxh4 15. Nxh4 Bxd5 16. Bxg7 Kxg7 17. Bf3 1/2-1/2

[Event "Howell (US Am N/1/1)"]
[Site "?"]
[Date "1996.??.??"]
[Round "?"]
[White "Calton, Bill"]
[Black "Sullivant-Jones, W."]
[Result "1-0"]
[WhiteElo "2160"]
[BlackElo "1605"]
[PlyCount "39"]
[EventDate "1996.??.??"]

{1/(1)} 1. d4 d5 2. Nc3 Nf6 3. Bg5 e6 4. e4 h6 5. Bxf6 gxf6 6. exd5 exd5 7. Qh5
f5 8. O-O-O Be6 9. Re1 Kd7 10. Nf3 Nc6 11. Bb5 Bg7 12. Re3 f4 13. Ne5+ Bxe5 14.
Rxe5 a6 15. Bxc6+ bxc6 16. Na4 Qf6 17. Nc5+ Kc8 18. Rhe1 Re8 19. Qf3 Ra7 20. g3
1-0

[Event "Howell (US Am N/3/1)"]
[Site "?"]
[Date "1996.??.??"]
[Round "?"]
[White "Calton, Bill"]
[Black "Poenisch, Volker"]
[Result "1-0"]
[WhiteElo "2160"]
[BlackElo "1970"]
[PlyCount "55"]
[EventDate "1996.??.??"]

{3/(1)} 1. f4 e5 2. fxe5 d6 3. exd6 Bxd6 4. Nf3 g5 5. g3 g4 6. Nh4 Ne7 7. d4
Ng6 8. Nxg6 hxg6 9. Qd3 Nc6 10. c3 f5 11. Bg2 Bd7 12. Nd2 Qe7 13. Nc4 O-O-O 14.
Bf4 Bxf4 15. gxf4 g5 16. d5 Rhe8 17. O-O-O Nb4 18. cxb4 Bb5 19. Qxf5+ Kb8 20.
d6 Qxe2 21. Qxb5 Qxg2 22. dxc7+ Kxc7 23. Qa5+ Kc8 24. Qxa7 Qe4 25. Qc5+ Kb8 26.
Rxd8+ Rxd8 27. Qe5+ Qxe5 28. Nxe5 1-0

[Event "Detroit (MEX/4/5)"]
[Site "?"]
[Date "1996.??.??"]
[Round "?"]
[White "Calton, Bill"]
[Black "Pence, Mark"]
[Result "0-1"]
[WhiteElo "2165"]
[BlackElo "2065"]
[PlyCount "86"]
[EventDate "1996.??.??"]

{4/(5)} 1. b3 e5 2. Bb2 Nc6 3. e3 Nf6 4. c4 d5 5. cxd5 Nxd5 6. a3 Bd6 7. Qc2
O-O 8. Nf3 Qe7 9. d3 f5 10. Nbd2 f4 11. e4 Nb6 12. Be2 g5 13. h3 h6 14. b4 a6
15. Qc3 Be6 16. Bd1 Rfe8 17. O-O Bf7 18. Bb3 Rad8 19. Nc4 Qf6 20. Rad1 h5 21.
Nxd6 cxd6 22. h4 gxh4 23. Rfe1 Bxb3 24. Qxb3+ Kh7 25. d4 Nd7 26. dxe5 Ndxe5 27.
Bxe5 dxe5 28. Rd5 Rg8 29. Red1 h3 30. Ne1 hxg2 31. Qh3 Qg5 32. Rxd8 Nxd8 33.
Rd7+ Kh8 34. Nxg2 Nc6 35. Rd1 Nd4 36. Kh1 Qg4 37. Qxg4 hxg4 38. Kg1 g3 39. fxg3
Rxg3 40. Kf1 Rf3+ 41. Ke1 Rxa3 42. Nxf4 Re3+ 43. Kd2 exf4 0-1

[Event "Detroit (MEX/2/3)"]
[Site "?"]
[Date "1996.??.??"]
[Round "?"]
[White "Calton, Bill"]
[Black "Cole, D."]
[Result "1-0"]
[WhiteElo "2165"]
[BlackElo "2045"]
[PlyCount "93"]
[EventDate "1996.??.??"]

{2/(3)} 1. b3 d5 2. f4 Nf6 3. Nf3 g6 4. Bb2 Bg7 5. e3 O-O 6. Be2 c6 7. O-O a5
8. a4 Na6 9. Ne5 Be6 10. Bf3 Nd7 11. d4 f6 12. Nd3 Qc7 13. Nc3 Bf7 14. e4 dxe4
15. Nxe4 Rad8 16. Qe1 Rfe8 17. Qf2 Nf8 18. g3 Ne6 19. c3 Qb6 20. Bd1 Nac7 21.
Bc2 Nf8 22. Ndc5 Nce6 23. Rae1 Qc7 24. f5 Nxc5 25. Nxc5 b6 26. Ne6 Bxe6 27.
fxe6 Qd6 28. Bd3 Rc8 29. Bc1 Red8 30. Ba6 Ra8 31. Bf4 Qd5 32. Bc4 Qh5 33. Bc7
Rd5 34. Bxd5 cxd5 35. Qf3 Qxf3 36. Rxf3 f5 37. Bxb6 Ra6 38. Bc5 Bf6 39. Rfe3 h6
40. c4 dxc4 41. bxc4 Rc6 42. Kg2 Nh7 43. Rb3 Ng5 44. Rb6 Rc7 45. Ra6 Ne4 46.
Rxa5 Kg7 47. Ra7 1-0

[Event "Ann Arbor (Month Long Swiss/2/4)"]
[Site "?"]
[Date "1996.??.??"]
[Round "?"]
[White "Caldwell, B."]
[Black "Sellers, Matt"]
[Result "0-1"]
[WhiteElo "1605"]
[BlackElo "1605"]
[PlyCount "68"]
[EventDate "1996.??.??"]

{2/(4)} 1. e4 c6 2. d4 d5 3. Nc3 dxe4 4. Nxe4 Bf5 5. Ng3 Bg6 6. Nf3 Nd7 7. Bd3
Qc7 8. O-O Bxd3 9. Qxd3 e6 10. Re1 Ngf6 11. Bd2 O-O-O 12. Ng5 Nc5 13. Qc4 b5
14. Qe2 Rxd4 15. Be3 Rd8 16. c4 h6 17. Nf3 a6 18. cxb5 axb5 19. Rac1 Nd3 20.
Rc3 Nxe1 21. Nxe1 Nd5 22. Rc1 Bb4 23. Bd4 Bxe1 24. Qxe1 Rhe8 25. Qe2 Nf4 26.
Qf3 Nd5 27. Qe2 Nf4 28. Qf3 Rxd4 29. Rxc6 Rd1+ 30. Nf1 Ne2+ 31. Qxe2 Rxf1+ 32.
Kxf1 Qxc6 33. b3 Rd8 34. g3 Qh1# 0-1

[Event "Ann Arbor (Month Long Swiss/3/5)"]
[Site "?"]
[Date "1996.??.??"]
[Round "?"]
[White "Caldwell, B."]
[Black "Davey, Scott"]
[Result "0-1"]
[WhiteElo "1605"]
[BlackElo "1605"]
[PlyCount "46"]
[EventDate "1996.??.??"]

{3/(5)} 1. e4 c5 2. c3 e6 3. d4 d5 4. e5 Nc6 5. f4 cxd4 6. cxd4 Bb4+ 7. Bd2 Qb6
8. Qa4 Bxd2+ 9. Nxd2 Qxb2 10. Rb1 Qxd4 11. Qxd4 Nxd4 12. Rc1 Bd7 13. Ne2 Nxe2
14. Bxe2 Nh6 15. O-O Rc8 16. Rxc8+ Bxc8 17. Rc1 Kd8 18. Bb5 Bd7 19. Bd3 Bc6 20.
Nb3 Kd7 21. Nc5+ Ke7 22. Nxb7 Rb8 23. Rxc6 Rxb7 0-1

[Event "Lansing (MOR/6/42)"]
[Site "?"]
[Date "1996.??.??"]
[Round "?"]
[White "Buyre, T."]
[Black "Ivey, B."]
[Result "0-1"]
[WhiteElo "1605"]
[BlackElo "1605"]
[PlyCount "26"]
[EventDate "1996.??.??"]

{6/(42)} 1. e4 e5 2. Nf3 Nc6 3. Nc3 Bc5 4. g3 d6 5. Bc4 Bg4 6. d3 Nd4 7. O-O
Qd7 8. Qd2 Nxf3+ 9. Kg2 Nxd2 10. Bxd2 Bh3+ 11. Kg1 Qg4 12. Rfe1 Qf3 13. Be3
Qg2# 0-1

[Event "Kalamazoo (Mini-Swiss.2/1)"]
[Site "?"]
[Date "1996.??.??"]
[Round "?"]
[White "Butcher, C."]
[Black "Virupannavar, V."]
[Result "1-0"]
[WhiteElo "1605"]
[BlackElo "1605"]
[PlyCount "49"]
[EventDate "1996.??.??"]

{2/(1)} 1. e4 e6 2. d4 d6 3. Nf3 Nc6 4. Bc4 Nf6 5. Bf4 Nxe4 6. O-O Be7 7. Re1
d5 8. Bb3 O-O 9. Nbd2 f5 10. c3 Bh4 11. Nxe4 fxe4 12. Nxh4 Qxh4 13. Bg3 Qf6 14.
Qd2 Bd7 15. Bxc7 Rac8 16. Bd6 Rf7 17. c4 dxc4 18. Bxc4 a5 19. d5 exd5 20. Qxd5
Qxf2+ 21. Kh1 e3 22. Rf1 Qh4 23. Qxf7+ Kh8 24. Qf8+ Rxf8 25. Rxf8# 1-0

[Event "Kalamazoo (Mini-Swiss.2/3)"]
[Site "?"]
[Date "1996.??.??"]
[Round "?"]
[White "Butcher, C."]
[Black "Krzyston, Joe"]
[Result "1-0"]
[WhiteElo "1605"]
[BlackElo "1605"]
[PlyCount "67"]
[EventDate "1996.??.??"]

{2/(3)} 1. e4 g5 2. d4 h6 3. Nc3 Bg7 4. Be3 c5 5. Be2 d6 6. f4 gxf4 7. Bxf4
cxd4 8. Nb5 Qa5+ 9. Bd2 Qb6 10. a4 Nf6 11. a5 Qc5 12. b4 Qc6 13. Nxd4 Qxe4 14.
Ngf3 Nd5 15. O-O Bxd4+ 16. Kh1 Bxa1 17. Bd3 Qg4 18. Qxa1 Rg8 19. Rg1 Bf5 20. h3
Qg7 21. Qa4+ Kd8 22. Bxf5 e6 23. Bd3 a6 24. c4 Nc3 25. Qb3 Nd5 26. cxd5 Re8 27.
Bc3 Qg3 28. Bf6+ Kc7 29. Rc1+ Kd7 30. Qa4+ Nc6 31. dxc6+ Kc7 32. cxb7+ Kxb7 33.
Qc6+ Ka7 34. Qc7# 1-0

[Event "Lansing (MOR/2/33)"]
[Site "?"]
[Date "1996.??.??"]
[Round "?"]
[White "Burye, T."]
[Black "Smith, Robert"]
[Result "0-1"]
[WhiteElo "1605"]
[BlackElo "1670"]
[PlyCount "36"]
[EventDate "1996.??.??"]

{2/(33)} 1. e4 c5 2. f4 d6 3. Bc4 Nf6 4. e5 dxe5 5. fxe5 Ng4 6. Nf3 e6 7. d3
Be7 8. O-O O-O 9. h4 Nc6 10. Ng5 Qd4+ 11. Kh1 Nf2+ 12. Rxf2 Qxf2 13. Qh5 h6 14.
Bxe6 Bxe6 15. Nxe6 fxe6 16. Bxh6 Qe1+ 17. Kh2 Rf1 18. Nd2 Rh1# 0-1

[Event "Lansing (MOR/4/40)"]
[Site "?"]
[Date "1996.??.??"]
[Round "?"]
[White "Burye, T."]
[Black "Aguilar, Javier"]
[Result "0-1"]
[WhiteElo "1605"]
[BlackElo "1605"]
[PlyCount "60"]
[EventDate "1996.??.??"]

{4/(40)} 1. d4 d5 2. Nc3 Nf6 3. Nf3 Bg4 4. h3 Bh5 5. Bg5 c6 6. Bxf6 exf6 7. g4
Bg6 8. Nh4 Bb4 9. Nxg6 fxg6 10. a3 Ba5 11. b4 Bc7 12. Bg2 O-O 13. b5 f5 14.
gxf5 gxf5 15. h4 f4 16. h5 h6 17. e4 fxe3 18. Qd3 exf2+ 19. Kf1 Qg5 20. Rh3 Nd7
21. bxc6 bxc6 22. Rf3 Rxf3 23. Bxf3 Qg1+ 24. Ke2 Re8+ 25. Ne4 Qxa1 26. Kxf2
dxe4 27. Qc4+ Kh8 28. Bg4 Rf8+ 29. Kg2 Nb6 30. Qxc6 Qf1# 0-1

[Event "Lansing (MI Op/1b/11)"]
[Site "?"]
[Date "1996.??.??"]
[Round "?"]
[White "Burwell, Raymond"]
[Black "Yahkind, Alex"]
[Result "0-1"]
[WhiteElo "1830"]
[BlackElo "2035"]
[PlyCount "50"]
[EventDate "1996.??.??"]

1. d4 d5 2. c4 e6 3. e3 Nf6 4. cxd5 exd5 5. Nf3 Bg4 6. Be2 Nbd7 7. O-O Bd6 8.
Nc3 c6 9. h3 Bxf3 10. Bxf3 O-O 11. Bd2 Nb6 12. Na4 Nc4 13. Bc3 Re8 14. Qb3 b6
15. Be2 Bc7 16. Bb4 a5 17. Ba3 Nd2 18. Qc2 Nxf1 19. Rxf1 b5 20. Rc1 bxa4 21.
Qxc6 Rc8 22. Kf1 Bb8 23. Qxc8 Qxc8 24. Rxc8 Rxc8 25. b3 Rc2 0-1

[Event "Lansing (MI Op/3/35)"]
[Site "?"]
[Date "1996.??.??"]
[Round "?"]
[White "Burwell, Raymond"]
[Black "Raupp, Kenneth L"]
[Result "0-1"]
[WhiteElo "1830"]
[BlackElo "1685"]
[PlyCount "69"]
[EventDate "1996.??.??"]

{3/(35)} 1. d4 e6 2. c4 f5 3. Nf3 Nf6 4. Nc3 c6 5. Bg5 d5 6. cxd5 exd5 7. e3
Be7 8. Bxf6 Bxf6 9. Bd3 O-O 10. Qc2 g6 11. Ne2 Qd6 12. h4 Nd7 13. h5 Qb4+ 14.
Nd2 Rf7 15. hxg6 hxg6 16. Nf4 Nf8 17. a3 Qa5 18. b4 Qc7 19. Nf3 Rh7 20. O-O-O
Rxh1 21. Rxh1 Qg7 22. Be2 Bd7 23. Nd3 b6 24. Nde5 Bxe5 25. Nxe5 Rc8 26. Nxd7
Qxd7 27. Kd2 Qe7 28. Bf3 Nh7 29. Bxd5+ Kg7 30. Bxc6 Qd6 31. b5 Qxa3 32. d5 Nf6
33. Qb1 Ne4+ 34. Ke1 Qa5+ 35. Ke2 0-1

[Event "Flint (MI Ch Spon/3)"]
[Site "?"]
[Date "1996.??.??"]
[Round "?"]
[White "Burnham, S."]
[Black "Rodriguez, P."]
[Result "0-1"]
[WhiteElo "1605"]
[BlackElo "1605"]
[PlyCount "60"]
[EventDate "1996.??.??"]

1. d4 Nf6 2. c4 g6 3. Nc3 Bg7 4. Bg5 O-O 5. e4 c5 6. Nf3 Re8 7. Bd3 Nc6 8. Be2
cxd4 9. Nxd4 Nxd4 10. Qxd4 Qa5 11. e5 Ne4 12. Qxe4 Bxe5 13. O-O Bxc3 14. bxc3
Qxg5 15. Rfd1 Rb8 16. Rab1 b6 17. Rd5 e5 18. Qd3 Bb7 19. h4 Qxh4 20. Rxd7 Be4
21. Qd1 Bxb1 22. Qxb1 a6 23. Qd3 Rbd8 24. Qd5 Rxd7 25. Qxd7 Rd8 26. Qc6 Rd2 27.
Qe8+ Kg7 28. Qxe5+ Qf6 29. Qe3 Rxa2 30. Bf3 Ra1+ 0-1

[Event "Flint (MI Ch Spon/2)"]
[Site "?"]
[Date "1996.??.??"]
[Round "?"]
[White "Burnham, S."]
[Black "Hemingway, D."]
[Result "0-1"]
[WhiteElo "1605"]
[BlackElo "1665"]
[PlyCount "106"]
[EventDate "1996.??.??"]

1. d4 b6 2. c4 Nf6 3. Nc3 e6 4. Bg5 h6 5. Bh4 Bb7 6. e3 Be7 7. Bd3 Bxg2 8. Bxf6
Bxf6 9. Qg4 Bxh1 10. f3 d5 11. O-O-O Nc6 12. Nge2 Nb4 13. cxd5 Nxd3+ 14. Rxd3
exd5 15. e4 Qd7 16. Qg1 Bxf3 17. Rxf3 O-O-O 18. e5 Bg5+ 19. Kb1 Rhf8 20. h4 Bd2
21. Qf1 Qe6 22. Kc2 Bxc3 23. Nxc3 Kb7 24. a3 f5 25. Na4 Qc6+ 26. Nc3 Qc4 27.
Qf2 c5 28. b3 Qxd4 29. Rxf5 Qxf2+ 30. Rxf2 Rxf2+ 31. Kd3 Rdf8 32. Nxd5 Rd8 33.
Ke4 Rxd5 34. Kxd5 Rd2+ 35. Ke6 g5 36. hxg5 hxg5 37. Kf5 Rf2+ 38. Kxg5 Kc7 39.
e6 Kd6 40. e7 Kxe7 41. Kg4 Ke6 42. Kg3 Rf5 43. Kg4 Ke5 44. a4 Ke4 45. a5 bxa5
46. Kg3 Rf4 47. Kg2 Rf3 48. Kh2 Kf4 49. Kg2 Kg4 50. Kh2 Rg3 51. Kh1 Kf3 52. Kh2
Kf2 53. Kh1 Rh3# 0-1

[Event "Ann Arbor (Mini-Swiss/2/13)"]
[Site "?"]
[Date "1996.??.??"]
[Round "?"]
[White "Burghardt, Lango"]
[Black "Gibson, M."]
[Result "1-0"]
[WhiteElo "1605"]
[BlackElo "1605"]
[PlyCount "91"]
[EventDate "1996.??.??"]

{2/(13)} 1. e4 e5 2. Nf3 d6 3. Bc4 Nc6 4. d3 Bd7 5. O-O Be6 6. Bxe6 fxe6 7. h3
Be7 8. Be3 Nf6 9. Qd2 Qd7 10. Nc3 Nb4 11. a3 Nc6 12. d4 O-O-O 13. Nb5 a6 14.
Nc3 Na5 15. Ne2 Nh5 16. Qxa5 Bf6 17. Bg5 Bxg5 18. Nxg5 b6 19. Qxa6+ Kb8 20. Nc3
Nf6 21. Nb5 c6 22. Qa7+ Qxa7 23. Nxa7 Kxa7 24. Nxe6 Rde8 25. Nxg7 Reg8 26. Nf5
exd4 27. Nxd4 c5 28. Ne2 Re8 29. Nc3 Nxe4 30. Nxe4 Rxe4 31. Rad1 Kb7 32. Rxd6
Kc7 33. Rd3 Rhe8 34. Kh2 c4 35. Rc3 b5 36. b4 Rf4 37. f3 Rg8 38. Rd1 Rg7 39.
Re3 Rgf7 40. Ra1 Kd6 41. a4 Rb7 42. axb5 Rxb5 43. Ra6+ Kd5 44. c3 h6 45. Ree6
Rf5 46. Rxh6 1-0

[Event "Ann Arbor (Mini-Swiss/1/12)"]
[Site "?"]
[Date "1996.??.??"]
[Round "?"]
[White "Burghardt, Lance"]
[Black "Gibson, M."]
[Result "1-0"]
[WhiteElo "1605"]
[BlackElo "1605"]
[PlyCount "45"]
[EventDate "1996.??.??"]

{1/(12)} 1. e4 e5 2. Nf3 Bc5 3. Bc4 Nf6 4. O-O O-O 5. d3 Qe7 6. Nc3 Qd8 7. Bg5
c6 8. Nxe5 Qe8 9. d4 Bxd4 10. Qxd4 c5 11. Qxc5 Na6 12. Qe3 Qxe5 13. f4 Qd6 14.
e5 Qc7 15. exf6 Qxc4 16. fxg7 Kxg7 17. Rf2 f6 18. Qe7+ Rf7 19. Bxf6+ Kg8 20.
Qe5 Qc5 21. Nd5 d6 22. Qe8+ Rf8 23. Ne7# 1-0

[Event "Ann Arbor (Fall Open/2/8)"]
[Site "?"]
[Date "1996.??.??"]
[Round "?"]
[White "Burg, Dan"]
[Black "Sohlden, M."]
[Result "1-0"]
[WhiteElo "1895"]
[BlackElo "1605"]
[PlyCount "75"]
[EventDate "1996.??.??"]

{2/(8)} 1. e4 c6 2. Nf3 d6 3. d4 e6 4. c4 b6 5. Nc3 Bb7 6. Be3 Nd7 7. Rc1 Rc8
8. Bd3 Be7 9. O-O Qc7 10. Nd2 f6 11. f4 g6 12. f5 e5 13. Qg4 Nf8 14. Nf3 Qd7
15. Nh4 g5 16. Qh5+ Kd8 17. Nf3 Qe8 18. Qxe8+ Kxe8 19. dxe5 dxe5 20. a3 Nd7 21.
h3 h5 22. b4 Nh6 23. Be2 Nf7 24. Rcd1 Kd8 25. Rd3 Kc7 26. Rfd1 Rcd8 27. Ne1 Nb8
28. Nc2 Bc8 29. a4 a6 30. a5 Nd7 31. Na4 c5 32. bxc5 bxc5 33. Na1 Nd6 34. Nxc5
Nxf5 35. Ne6+ Kb8 36. exf5 Rdg8 37. Rb1+ Bb7 38. Rxd7 1-0

[Event "Ann Arbor (Fall Open/3/6)"]
[Site "?"]
[Date "1996.??.??"]
[Round "?"]
[White "Burg, Dan"]
[Black "Sellers, Matt"]
[Result "0-1"]
[WhiteElo "1895"]
[BlackElo "1795"]
[PlyCount "56"]
[EventDate "1996.??.??"]

{3/(6)} 1. e4 c6 2. Nf3 d5 3. Nc3 Bg4 4. Be2 e6 5. exd5 cxd5 6. O-O Nc6 7. d4
Bd6 8. Nb5 Bb8 9. Ne5 Bxe2 10. Qxe2 a6 11. Nxc6 bxc6 12. Nc3 Qc7 13. f4 Ne7 14.
Rf3 Nf5 15. Be3 Ba7 16. Rd1 O-O 17. Na4 Rfb8 18. b3 h5 19. c3 Rb5 20. Kh1 Nd6
21. Rh3 g6 22. g4 hxg4 23. Qxg4 Qd8 24. Bf2 Ne4 25. Bh4 Kg7 26. Re1 Qd6 27.
Rxe4 dxe4 28. Qg5 Rxg5 0-1

[Event "Detroit (Class A/4/8)"]
[Site "?"]
[Date "1996.??.??"]
[Round "?"]
[White "Burg, Dan"]
[Black "Manion, Tom"]
[Result "0-1"]
[WhiteElo "1920"]
[BlackElo "1835"]
[PlyCount "50"]
[EventDate "1996.??.??"]

{4/(8)} 1. e4 Nc6 2. d4 e6 3. c3 b6 4. Bd3 Bb7 5. Ne2 Nf6 6. Bg5 Be7 7. Nd2 h6
8. Bh4 d6 9. O-O g5 10. Bg3 Qd7 11. a4 h5 12. f3 a5 13. Qb1 h4 14. Bf2 d5 15.
e5 Nh5 16. b4 axb4 17. Bb5 bxc3 18. Nxc3 Ba6 19. Rc1 Bxb5 20. axb5 Na5 21. Nb3
O-O 22. Nxa5 Rxa5 23. Rxa5 bxa5 24. Na4 Rb8 25. Rc6 Qxc6 0-1

[Event "Detroit (Class A/5/8)"]
[Site "?"]
[Date "1996.??.??"]
[Round "?"]
[White "Burg, Dan"]
[Black "Levadi, David"]
[Result "1/2-1/2"]
[WhiteElo "1920"]
[BlackElo "1900"]
[PlyCount "111"]
[EventDate "1996.??.??"]

{5/(8)} 1. e4 Nc6 2. d4 e5 3. Nf3 exd4 4. Bc4 Nf6 5. e5 d5 6. Bb5 Ne4 7. Nxd4
Bd7 8. Bxc6 bxc6 9. O-O Be7 10. f3 Nc5 11. Nc3 O-O 12. f4 f6 13. Bd2 fxe5 14.
fxe5 Rxf1+ 15. Qxf1 Ne6 16. Nce2 Qf8 17. Nxe6 Bxe6 18. Nd4 Bc5 19. c3 Qe8 20.
Kh1 Qd7 21. Qa6 Bb6 22. Qa4 c5 23. Qxd7 Bxd7 24. Nf3 h6 25. Be3 Re8 26. Rd1 Bc6
27. Bf4 g5 28. Bg3 Kf7 29. b4 g4 30. Nh4 cxb4 31. cxb4 Re6 32. Nf5 Bb7 33. Nd4
Bxd4 34. Rxd4 h5 35. Kg1 Ra6 36. Rd2 Ra4 37. Rb2 c6 38. Kf2 Ba6 39. Ke3 Ke6 40.
Kd4 Bc4 41. Kc5 Rxa2 42. Rxa2 Bxa2 43. Kxc6 a6 44. Kc5 Bc4 45. Kd4 Bf1 46. Kc5
Bxg2 47. b5 axb5 48. Kxb5 h4 49. Bxh4 Kxe5 50. Bf2 d4 51. Kc4 Bf1+ 52. Kb3 Bd3
53. Kb2 Ke4 54. Kc1 Be2 55. Kd2 d3 56. Bg3 1/2-1/2

[Event "Detroit (Class A/2/8)"]
[Site "?"]
[Date "1996.??.??"]
[Round "?"]
[White "Burg, Dan"]
[Black "Calton, David A"]
[Result "1/2-1/2"]
[WhiteElo "1920"]
[BlackElo "1900"]
[PlyCount "78"]
[EventDate "1996.??.??"]

{2/(8)} 1. e4 c6 2. Nf3 d5 3. Nc3 dxe4 4. Nxe4 Nf6 5. Nxf6+ gxf6 6. d4 Bf5 7.
Bd3 Bg6 8. Qe2 Nd7 9. Bf4 Bg7 10. Nh4 Qa5+ 11. c3 O-O 12. Bxg6 hxg6 13. Nxg6
fxg6 14. Qe6+ Kh7 15. Qxd7 Qb5 16. O-O-O Rfe8 17. h4 Rad8 18. Qg4 Rd5 19. Rh3
Rh5 20. Rg3 Qf5 21. Qxf5 Rxf5 22. Be3 e6 23. Rh3 Bh6 24. g4 Bxe3+ 25. fxe3 Rf2
26. Rg1 e5 27. h5 exd4 28. cxd4 g5 29. Rgg3 Re6 30. Rf3 Rg2 31. Rhg3 Re2 32. a4
a5 33. b3 b5 34. Rf5 bxa4 35. bxa4 R2xe3 36. Rxe3 Rxe3 37. Rxf6 Re4 38. Rxc6
Rxd4 39. Rg6 Rxg4 1/2-1/2

[Event "Lansing (MI Op/4/22)"]
[Site "?"]
[Date "1996.??.??"]
[Round "?"]
[White "Burch, Daniel"]
[Black "Smith, Walt"]
[Result "0-1"]
[WhiteElo "1735"]
[BlackElo "2065"]
[PlyCount "38"]
[EventDate "1996.??.??"]

{4/(22)} 1. e4 c5 2. Nf3 Nc6 3. d4 cxd4 4. Nxd4 Nf6 5. Nc3 g6 6. Be3 Bg7 7. Be2
O-O 8. O-O d5 9. exd5 Nxd5 10. Nxd5 Qxd5 11. Bf3 Qc4 12. Nxc6 bxc6 13. Be2 Qb4
14. Rb1 Bf5 15. c3 Qa5 16. Ra1 Rfd8 17. Qc1 Rd7 18. b4 Qe5 19. Bd4 Qxe2 0-1

[Event "Lansing (MI Op/2/13)"]
[Site "?"]
[Date "1996.??.??"]
[Round "?"]
[White "Burch, Daniel"]
[Black "Mazuchowski, Tom"]
[Result "1/2-1/2"]
[WhiteElo "1735"]
[BlackElo "2140"]
[PlyCount "78"]
[EventDate "1996.??.??"]

{2/(13)} 1. e4 c5 2. Nf3 Nc6 3. d4 cxd4 4. Nxd4 Nf6 5. Nc3 d6 6. Be2 e5 7. Nb3
h6 8. Be3 Be7 9. O-O O-O 10. Qd2 Be6 11. Rad1 Qd7 12. f4 Bxb3 13. axb3 Ng4 14.
Bxg4 Qxg4 15. f5 Rfd8 16. Bxh6 gxh6 17. f6 Bf8 18. Rf3 Kh7 19. Rg3 Qf4 20. Qd5
Rd7 21. Ne2 Qxf6 22. Rf1 Qe7 23. Rgf3 Nd8 24. Ng3 Qe6 25. Qd2 Qg6 26. Rf6 Qg5
27. Qd5 Bg7 28. R6f5 Qg6 29. Nh5 Rc8 30. Nxg7 Qxg7 31. R1f3 Rxc2 32. Rg3 Qf8
33. h3 Qe7 34. Qd1 Rc8 35. Qg4 Ne6 36. Rh5 Qf8 37. Qf5+ Kh8 38. Qf6+ Kh7 39.
Qf5+ Kh8 1/2-1/2

[Event "Lansing (MI Op/6/26)"]
[Site "?"]
[Date "1996.??.??"]
[Round "?"]
[White "Burch, Daniel"]
[Black "Laumer, H."]
[Result "1-0"]
[WhiteElo "1735"]
[BlackElo "1805"]
[PlyCount "93"]
[EventDate "1996.??.??"]

{6/(26)} 1. e4 Nf6 2. Nc3 d5 3. exd5 Nxd5 4. Nxd5 Qxd5 5. Nf3 Bg4 6. Be2 c5 7.
O-O e6 8. b3 Nc6 9. Bb2 O-O-O 10. d3 f6 11. Re1 h5 12. h3 Bf5 13. Nh4 Nd4 14.
Bxd4 cxd4 15. Bf3 Qd7 16. Nxf5 exf5 17. Bxh5 Bb4 18. Rf1 Bc3 19. Rb1 Rh6 20. f4
g6 21. Bf3 g5 22. Bh5 Rdh8 23. g4 fxg4 24. Bxg4 f5 25. fxg5 fxg4 26. gxh6 gxh3
27. Qf3 Qe6 28. Qf5 Rxh6 29. Qxe6+ Rxe6 30. Rf8+ Kc7 31. Rbf1 a5 32. R1f7+ Kb6
33. Rf6 Rxf6 34. Rxf6+ Kc5 35. a3 Bb2 36. Rf5+ Kb6 37. a4 Bc3 38. Kh2 Kc6 39.
Kxh3 b6 40. Kg3 Bb4 41. Kf3 Bc3 42. Ke4 Bb2 43. Rd5 Bc3 44. Rxd4 Bxd4 45. Kxd4
Kd6 46. Kc4 Kc6 47. b4 1-0

[Event "Detroit (MI Action/1/11)"]
[Site "?"]
[Date "1996.??.??"]
[Round "?"]
[White "Bullard, M."]
[Black "Ghobrial, Ameer"]
[Result "0-1"]
[WhiteElo "1605"]
[BlackElo "1605"]
[PlyCount "54"]
[EventDate "1996.??.??"]

{1/(11)} 1. e4 e6 2. Nf3 d5 3. e5 c5 4. d4 cxd4 5. Nxd4 Nc6 6. Nf3 Bc5 7. Nc3
Qb6 8. Qe2 Nh6 9. Na4 Qa5+ 10. Nc3 d4 11. Bd2 dxc3 12. Bxc3 Bb4 13. Qe3 Ng4 14.
Qg5 Bxc3+ 15. bxc3 Qxc3+ 16. Ke2 b6 17. Rd1 Ba6+ 18. Rd3 Qxc2+ 19. Nd2 Bxd3+
20. Kf3 Ncxe5+ 21. Kf4 Qxd2+ 22. Kg3 Qxg5 23. f4 Qf5 24. fxe5 Qf2+ 25. Kxg4 h5+
26. Kh3 Bf5+ 27. g4 hxg4# 0-1

[Event "Ann Arbor (Mini-Swiss/3/2)"]
[Site "?"]
[Date "1996.??.??"]
[Round "?"]
[White "Bryan, Jerod"]
[Black "Walquist, Elaine"]
[Result "1-0"]
[WhiteElo "2295"]
[BlackElo "1750"]
[PlyCount "37"]
[EventDate "1996.??.??"]

{3/(2)} 1. e4 c6 2. Nc3 d5 3. Nf3 dxe4 4. Nxe4 Nd7 5. Bc4 e6 6. O-O Ngf6 7.
Neg5 Nb6 8. Nxf7 Kxf7 9. Ng5+ Ke8 10. Bxe6 Bxe6 11. Nxe6 Qd6 12. Re1 Kd7 13. d4
Qd5 14. Re5 Qd6 15. Bf4 Nbd5 16. Nc5+ Kc8 17. Re8+ Nxe8 18. Qg4+ Kc7 19. Qd7+
1-0

[Event "Ann Arbor (Mini-Swiss/3/1)"]
[Site "?"]
[Date "1996.??.??"]
[Round "?"]
[White "Bryan, Jerod"]
[Black "Thompson, Dexter"]
[Result "1/2-1/2"]
[WhiteElo "2295"]
[BlackElo "2340"]
[PlyCount "112"]
[EventDate "1996.??.??"]

{3/(1)} 1. Nf3 d5 2. d4 c6 3. c4 e6 4. Nc3 dxc4 5. a4 Bb4 6. e3 b5 7. Nd2 Bb7
8. axb5 Bxc3 9. bxc3 cxb5 10. Ba3 Ne7 11. Qb1 a6 12. Nxc4 O-O 13. Nd6 Bc6 14.
Bd3 h6 15. O-O Nd7 16. c4 bxc4 17. Bxc4 Nf6 18. Nb7 Qc7 19. Bd6 Qxb7 20. Qxb7
Bxb7 21. Bxe7 Rfc8 22. Ra4 Ne4 23. Rfa1 Rc7 24. Bh4 Nc3 25. Bg3 Rc6 26. Rb4 a5
27. Rxb7 Rxc4 28. Kf1 a4 29. Rc7 Rxc7 30. Bxc7 Nb5 31. Bb6 a3 32. Bc5 a2 33.
Ke1 Nc3 34. Bb4 Na4 35. Bd2 Nb6 36. Kd1 Nc4 37. Bc3 Nd6 38. Kc2 Ne4 39. Be1 Ra3
40. Kb2 Rd3 41. Kc2 Ra3 42. Bb4 Ra8 43. f3 Nf6 44. Kb3 Rb8 45. e4 Nh5 46. Rxa2
Nf4 47. Kc4 Rc8+ 48. Bc5 Rc7 49. Kb5 Rb7+ 50. Kc6 Rb3 51. Rd2 Nd3 52. Rc2 Ne1
53. Rc4 Nd3 54. Kc7 Rb2 55. d5 exd5 56. exd5 Ne5 1/2-1/2

[Event "Ann Arbor (Mini-Swiss/1/1)"]
[Site "?"]
[Date "1996.??.??"]
[Round "?"]
[White "Bryan, Jerod"]
[Black "Das, M."]
[Result "1-0"]
[WhiteElo "2295"]
[BlackElo "1900"]
[PlyCount "25"]
[EventDate "1996.??.??"]

{1/(1)} 1. e4 c6 2. Nc3 d5 3. Nf3 dxe4 4. Nxe4 Bf5 5. Ng3 Bg6 6. h4 h6 7. Ne5
Bh7 8. Qh5 g6 9. Qf3 Nf6 10. Qb3 Qd5 11. Qxb7 Qxe5+ 12. Be2 a5 13. Qc8# 1-0